[Event "ICS rated blitz match"]
[Site "207.99.83.227"]
[Date "1999.04.14"]
[Round "?"]
[White "Hossa"]
[Black "Roller"]
[Result "0-1"]
[WhiteElo "2430"]
[BlackElo "2576"]
[Annotator "Crafty v16.6"]
[PlyCount "87"]

{annotating for player Hossa using a scoring margin of +0.10 pawns. search
time limit is 20.00} 1. e4 1... e5 2. Nf3 Nc6 3. Bb5 a6 4. Ba4 ({9:-0.15} 4.
Ba4 4... Bc5 5. O-O Nge7 6. c3 O-O 7. d4 Bd6 8. Bg5 $10) ({9:+0.11} 4. Bxc6
4... dxc6 5. Nc3 Qd6 6. d4 exd4 7. Nxd4 c5 8. Nf5 Qxd1+ 9. Kxd1 Ne7 10. Re1 $10
) 4... Nf6 5. O-O Be7 6. Bxc6 dxc6 7. Nxe5 Nxe4 8. d4 ({9:-0.03} 8. d4 8... O-O
9. Re1 Bf5 10. Qf3 Nd6 11. Na3 Re8 12. Bf4 $10) ({9:+0.20} 8. Re1 8... Ng5 9.
Nc3 O-O 10. Qh5 Ne6 11. Ne2 Nd4 12. c3 $10) 8... O-O 9. Be3 ({9:-0.17} 9. Be3
9... Qd5 10. Qf3 Nf6 11. Qe2 Bb4 12. a3 Bd6 13. Nc3 $10) ({9:+0.01} 9. Re1 9...
Bf5 10. Qf3 Nd6 11. Na3 f6 12. Ng4 Qd7 13. Qe3 $10) 9... f6 10. Nd3 ({9:-0.24} 
10. Nd3 10... Bf5 11. Re1 Re8 12. Qe2 Qd5 13. Nf4 Qd6 14. Nd2 $10) ({9:-0.13} 
10. Qd3 10... Nd6 11. Nf3 Bf5 12. Qe2 Qd7 13. Re1 Rae8 14. Nc3 $10) 10... Re8
11. Re1 Bf5 12. Kh1 ({8:-0.44} 12. Kh1 12... Qd5 13. Nd2 Nxd2 14. Qxd2 Rad8 15.
Kg1 Qe4 16. Rad1 $15) ({8:-0.10} 12. Nf4 12... Ng5 13. c3 Rb8 14. Nd2 Qd6 15.
Qb3+ Ne6 16. Qc4 $10) 12... b6 13. Qe2 Qd7 14. Nd2 Bd6 15. Nc4 Bf8 16. Nf4 ({
9:-0.53} 16. Nf4 16... b5 17. Nd2 Bd6 18. Nd3 Bg4 19. f3 Nxd2 20. fxg4 $15) ({
9:-0.35} 16. Kg1 16... Rad8 17. Rad1 b5 18. Na5 Bg4 19. f3 Bh5 20. Nc5 Nxc5 21.
dxc5 $15) 16... Qf7 17. Nd2 Bd6 18. Nd3 Nxd2 19. Qxd2 Re6 20. c4 Rae8 21. c5
Bxd3 22. cxd6 ({10:-0.27} 22. cxd6 22... Be4 23. dxc7 Qxc7 24. Qe2 a5 25. Kg1
Qd6 26. Qg4 Bd3 27. Rac1 27... Re4 $10) ({10:-0.01} 22. Qxd3 22... bxc5 23.
dxc5 Bxc5 24. Qxa6 Bxe3 25. Rxe3 Rxe3 26. fxe3 Rxe3 27. Qxc6 Re2 28. Qa8+ Qf8
29. Qxf8+ 29... Kxf8 $10) 22... Be4 23. dxc7 Qxc7 24. Qe2 Qb7 25. Qg4 ({9:-0.33
} 25. Qg4 25... Qd7 26. Kg1 Qd5 27. Bh6 R6e7 28. Be3 Qf5 29. Qf4 Qxf4 30. Bxf4
$15) ({9:-0.22} 25. Rad1 25... a5 26. Kg1 Qf7 27. Rc1 R6e7 28. f3 Bf5 29. Qf2
$10) 25... Qd7 26. a3 ({9:-0.65} 26. a3 26... Qd5 27. Rg1 Qb5 28. b4 Qf5 29.
Qe2 Bd3 30. Qd2 $15) ({9:-0.37} 26. Kg1 26... Qd5 27. Bh6 R6e7 28. Be3 Bd3 29.
Qd1 Bc4 30. Rb1 $15) 26... Qd5 27. Rg1 Qb3 28. Qe2 Bd3 29. Qd2 Bf5 30. Rge1 Qd5
31. Qb4 Be4 32. Rg1 f5 33. Raf1 Qd8 34. Qb3 Qh4 35. Bd2 f4 36. Re1 Kh8 37. Rgf1
Bxg2+ 38. Kxg2 Qg4+ 39. Qg3 fxg3 40. hxg3 Qxd4 41. Rxe6 Rxe6 42. Bc3 Qe4+ 43.
f3 Qc2+ 44. Rf2 0-1

[Event "ICS rated blitz match"]
[Site "207.99.83.227"]
[Date "1999.04.14"]
[Round "?"]
[White "kabayo"]
[Black "Hossa"]
[Result "0-1"]
[WhiteElo "2282"]
[BlackElo "2425"]
[Annotator "Fritz 5.32 (15s)"]
[PlyCount "22"]

1. e4 c5 2. Nf3 Nc6 3. d4 cxd4 4. Nxd4 Qb6 5. Nb3 Nf6 6. Be3 (6. Bd3 d5 (6...
e6 7. O-O Be7 8. c4 d6 9. Nc3 Qc7 10. Bf4 b6 11. Rc1 Qd7 12. Qe2 Bb7 13. Rfd1
e5 14. Be3 Ng4 15. Bd2 Nd4 16. Nxd4 exd4 17. Nb5 O-O 18. Nxd4 Bh4 19. Nf5 Nxf2
20. Nxh4 Nxd1 21. Rxd1 Rae8 22. Nf5 f6 23. Bb4 Re6 24. Bc2 Rd8 25. Nxd6 Qe7 26.
c5 bxc5 27. Nxb7 Rxd1+ 28. Qxd1 cxb4 29. Bb3 {
1-0 Rechlis,G-Maryasin,B/Israel 1st League JER-ASH b1, ISR (2) 1997 (29)}) 7.
exd5 Nxd5 8. O-O e5 9. c4 Ndb4 10. Be3 Qd8 11. Be4 Qxd1 12. Rxd1 f5 13. Bxc6+
bxc6 14. Na3 Na6 15. Na5 Bd7 16. Nc2 f4 17. Bd2 O-O-O 18. Bc3 Re8 19. Rd2 Kc7
20. b4 e4 21. a3 Rg8 22. Re1 c5 23. Rd5 Ba4 24. b5 Bxc2 25. bxa6 Kb6 26. Re2
Ba4 27. Rb2+ Kxa6 28. Nb7 Rc8 29. Re5 Rc6 30. Re8 g5 31. Kf1 Bg7 32. Rxg8 32...
Bxc3 {- Sax,G-Andonov,B/Warsaw zt-A 1987 (32)}) 6... Qb4+ 7. c3 $146 {
Befestigt d4} (7. N1d2 Nxe4 8. c3 8... Qa4 $15) 7... Qxe4 8. N1d2 Qg4 9. Be2
$19 (9. Nf3 $5 $17) 9... Qxg2 10. Bf3 Qg6 11. Rg1 $4 {das letzte Eigentor} (11.
Nd4 $19 $142) 11... Qxg1+ (11... Qxg1+ 12. Nf1 12... d6 $19) 0-1

[Event "ICS rated blitz match"]
[Site "207.99.83.227"]
[Date "1999.04.14"]
[Round "?"]
[White "Roller"]
[Black "Hossa"]
[Result "1-0"]
[WhiteElo "2607"]
[BlackElo "2435"]
[Annotator "Crafty v16.6"]
[PlyCount "100"]

{annotating for player Hossa using a scoring margin of +0.10 pawns. search
time limit is 20.00} 1. e4 1... d6 2. d4 Nd7 3. Nf3 e5 ({9:-0.81} 3... e5 4.
dxe5 dxe5 5. Bd3 f6 6. O-O Nc5 7. Bb5+ c6 8. Qxd8+ Kxd8 9. Rd1+ Kc7 10. Bd3
Nxd3 11. Rxd3 $16) ({9:-0.54} 3... Ngf6 4. Nc3 e5 5. Bg5 exd4 6. Qxd4 c5 7. Qc4
Nb6 8. Qb5+ 8... Bd7 $14) 4. Bc4 exd4 ({8:-0.48} 4... exd4 5. Qxd4 Ngf6 6. O-O
Be7 7. Ng5 O-O 8. Bf4 8... Nc5 $14) ({8:-0.34} 4... Nb6 5. Bb5+ c6 6. Bd3 exd4
7. Nxd4 c5 8. Nb5 c4 9. Be2 $14) 5. Nxd4 Ngf6 6. Nc3 Be7 7. O-O Ne5 8. Bb5+ c6
9. Be2 O-O 10. f4 Ng6 11. Re1 Qb6 ({8:+0.20} 11... Qb6 12. Rb1 Re8 13. Be3 Qd8
14. Nf5 Bxf5 15. exf5 15... Nh4 $10) ({8:+0.41} 11... Re8 12. Be3 d5 13. exd5
Bb4 14. Bd2 Nxd5 15. Nxd5 Bxd2 16. Qxd2 16... Qxd5 $15) 12. a4 Bd7 13. a5 Qc5
14. Be3 Qb4 15. Nb3 Nxe4 ({8:-1.40} 15... Nxe4 16. Bd3 f5 17. Bxe4 fxe4 18. Ra4
Qxa4 19. Nxa4 19... Nxf4 $16) ({8:+0.03} 15... b5 16. axb6 axb6 17. Qd4 Qxd4
18. Nxd4 Nh4 19. e5 Rxa1 20. Rxa1 dxe5 21. fxe5 $10) 16. Na2 Qa4 17. Nac1 Qb4
18. Nd3 Nc3 ({10:-2.83} 18... Nc3 19. Nxb4 Nxd1 20. Raxd1 Rae8 21. Bh5 Be6 22.
Nd4 Bh4 23. Re2 $18) ({10:-1.71} 18... Qc4 19. Ne5 Nxe5 20. Bxc4 Nxc4 21. Bxa7
Nxb2 22. Qd4 Bf6 23. Qxe4 23... Rxa7 $18) 19. bxc3 Qe4 20. Bf3 Qc4 21. Ndc5 Bg4
({9:-3.41} 21... Bg4 22. Bxg4 dxc5 23. Qd3 Qxd3 24. cxd3 Rfd8 25. Bf5 Bh4 26.
Re2 $18) ({9:-2.58} 21... Bf5 22. Nxb7 Qxc3 23. Nd4 Bd7 24. Qd3 Qxd3 25. cxd3
Bh4 26. Re2 $18) 22. Bxg4 dxc5 23. Qd3 Qxd3 24. cxd3 Bf6 ({9:-3.49} 24... Bf6
25. Bd2 Nxf4 26. Bxf4 Bxc3 27. Bd6 Rfd8 28. Be7 Bxa1 29. Bxd8 Rxd8 30. Rxa1
Rxd3 31. Nxc5 $18) ({9:-3.31} 24... Rfd8 25. Rad1 Bh4 26. g3 Bf6 27. Nxc5 Bxc3
28. Nxb7 Rxd3 29. Rxd3 29... Bxe1 $18) 25. Bd2 b6 ({10:-3.75} 25... b6 26. axb6
axb6 27. Rxa8 Rxa8 28. Kf2 h6 29. c4 Ra3 30. Bd1 Ra2 31. Bg4 $18) ({10:-3.56} 
25... c4 26. dxc4 Rfd8 27. Rad1 Rxd2 28. Nxd2 Nxf4 29. Ne4 Bh4 30. g3 $18) 26.
Bf3 Ne7 ({9:-3.55} 26... Ne7 27. Be4 Rad8 28. axb6 axb6 29. Ra7 Rfe8 30. c4 Bh4
31. Re2 $18) ({9:-3.31} 26... Rad8 27. axb6 axb6 28. Be4 Rfe8 29. Re2 Bh4 30.
f5 Ne5 31. Ra7 $18) 27. g4 Bh4 ({10:-3.49} 27... Bh4 28. axb6 axb6 29. Rxa8
Rxa8 30. Re5 Bf6 31. Re4 Ra2 32. Be3 Rb2 33. Bd1 $18) ({10:-3.29} 27... Rad8
28. g5 Bxc3 29. Bxc3 Rxd3 30. Rxe7 Rxf3 31. Rc1 Rxf4 32. Rxa7 $18) 28. Re2 Rad8
29. Be4 f5 ({9:-3.77} 29... f5 30. gxf5 Rxf5 31. axb6 axb6 32. Ra6 Rb8 33. Bxf5
Nxf5 34. Re6 34... Ne7 $18) ({9:-3.47} 29... Nd5 30. axb6 axb6 31. Ra6 Rb8 32.
c4 Nf6 33. Bf3 Rfd8 34. Re3 $18) 30. gxf5 Rf6 ({9:-4.07} 30... Rf6 31. axb6
axb6 32. Ra7 Nxf5 33. Rb7 c4 34. dxc4 Nd6 35. Rxb6 Nxe4 36. Rxe4 $18) ({9:-3.87
} 30... Rd7 31. axb6 axb6 32. Ra6 Rb7 33. Kh1 Rxf5 34. Ra8+ Kf7 35. Rh8 35...
Ng6 $18) 31. axb6 axb6 32. Ra6 Nc8 33. c4 Rh6 34. Bc3 Be7 35. Be5 Rf8 36. Kg2
Kh8 37. d4 Bd6 38. Rd2 cxd4 39. Nxd4 Bb4 40. Re2 Rg8 41. Bxc6 Rh4 42. Bd5 Rf8
43. Ra8 h5 44. h3 Be7 45. Nf3 b5 46. cxb5 Rxf4 47. Bxf4 Bc5 48. Re6 h4 49. Ng5
Bd4 50. Re4 Bf6 1-0

[Event "ICS rated blitz match"]
[Site "207.99.83.227"]
[Date "1999.04.14"]
[Round "?"]
[White "Hossa"]
[Black "ColonialPast"]
[Result "1-0"]
[WhiteElo "2430"]
[BlackElo "2158"]
[PlyCount "65"]

1. e4 c6 2. Nc3 d5 3. exd5 cxd5 4. Nf3 Nf6 5. Bb5+ Bd7 6. O-O e6 7. Re1 a6 8.
Bd3 Bd6 9. Be2 O-O 10. d4 h6 11. Ne5 Bc6 12. Kh1 Nbd7 13. Nxc6 bxc6 14. Qd3 c5
15. dxc5 Nxc5 16. Qh3 Nce4 17. Nxe4 Nxe4 18. Be3 Qf6 19. f3 Ng5 20. Qh5 Qxb2
21. Bxg5 hxg5 22. Bd3 g6 23. Qxg5 Qg7 24. c4 dxc4 25. Bxc4 Rfe8 26. Rad1 Be7
27. Qa5 Bf6 28. Rd3 Rec8 29. Qa4 a5 30. Rd7 Bc3 31. Rxe6 fxe6 32. Bxe6+ Kh8 33.
Qh4+ {ColonialPast resigns} 1-0

[Event "ICS rated blitz match"]
[Site "207.99.83.227"]
[Date "1999.04.14"]
[Round "?"]
[White "ColonialPast"]
[Black "Hossa"]
[Result "0-1"]
[WhiteElo "2152"]
[BlackElo "2436"]
[PlyCount "100"]

1. e4 c5 2. Nf3 Nc6 3. d4 cxd4 4. Nxd4 Qb6 5. Nxc6 bxc6 6. Nc3 d6 7. Bc4 Nf6 8.
O-O e5 9. Rb1 Be7 10. Be3 Qb4 11. Qd3 O-O 12. a3 Qb8 13. h3 Kh8 14. Kh1 Bd7 15.
Bg5 Be6 16. Bxe6 fxe6 17. f4 exf4 18. Bxf4 Nh5 19. Bh2 Rxf1+ 20. Qxf1 Qe8 21.
Qa6 e5 22. Qb7 Nf6 23. b3 Rb8 24. Qxa7 Ra8 25. Qc7 Rxa3 26. Bg3 Nh5 27. Bh2 Ra8
28. Na4 Nf6 29. Nc3 Nd7 30. Na4 Nf8 31. Nb6 Ne6 32. Qd7 Qxd7 33. Nxd7 Ra2 34.
c3 Rc2 35. c4 Re2 36. Nb8 Nd4 37. Bg1 c5 38. Bxd4 cxd4 39. Nc6 Bf8 40. b4 Rxe4
41. b5 d3 42. Kh2 d2 43. b6 Re1 44. Rxe1 dxe1=Q 45. b7 e4 46. b8=Q Qf2 47. Qe8
e3 48. Nd8 e2 49. Nf7+ Kg8 50. Nh6+ 50... gxh6 {ColonialPast resigns} 0-1

[Event "ICS rated blitz match"]
[Site "207.99.83.227"]
[Date "1999.04.14"]
[Round "?"]
[White "Hossa"]
[Black "ColonialPast"]
[Result "1-0"]
[WhiteElo "2441"]
[BlackElo "2147"]
[PlyCount "81"]

1. e4 c6 2. Nc3 d5 3. exd5 cxd5 4. Nf3 Nf6 5. Bb5+ Bd7 6. O-O e6 7. Re1 a6 8.
Bd3 Bb4 9. Be2 O-O 10. a3 Bd6 11. d4 Bc6 12. Ne5 Nbd7 13. Nxc6 bxc6 14. Qd3 Qc7
15. Qh3 Rfe8 16. Qh4 Nf8 17. Bd3 Ng6 18. Bxg6 hxg6 19. Bg5 Nh7 20. Be3 Rab8 21.
Rab1 c5 22. dxc5 Bxc5 23. Bf4 Bd6 24. Bxd6 Qxd6 25. Re3 Nf6 26. Rh3 Kf8 27.
Qh8+ Ng8 28. Re1 Rxb2 29. Rh7 Ke7 30. Qxg7 Rxc2 31. Qxf7+ Kd8 32. Nd1 Rc7 33.
Qxg6 Rxh7 34. Qxh7 Qxa3 35. Qh4+ Kd7 36. Qd4 Qa5 37. Nc3 Kd6 38. Ne4+ Kd7 39.
Qa7+ Kd8 40. Rb1 Ne7 41. Ng5 {ColonialPast resigns} 1-0

[Event "ICS Rated standard match"]
[Site "207.99.83.227"]
[Date "1999.04.14"]
[Round "?"]
[White "SuperCapivara"]
[Black "Hossa"]
[Result "0-1"]
[WhiteElo "2178"]
[BlackElo "2234"]
[PlyCount "41"]

1. e4 c5 2. Nf3 Nc6 3. d4 cxd4 4. Nxd4 Qb6 5. Nb3 Nf6 6. Nc3 e6 7. Be3 Qc7 8.
Be2 Bb4 9. Bd3 Bxc3+ 10. bxc3 d5 11. exd5 Nxd5 12. Bd4 e5 13. c4 Nf4 14. Bc5
Nxg2+ 15. Kf1 Nf4 16. Be4 Na5 17. Qd6 Qxd6 18. Bxd6 Nxc4 19. Bb4 Bh3+ 20. Ke1
Bg2 21. Bxg2 {SuperCapivara resigns} 0-1

[Event "ICS Rated blitz match"]
[Site "207.99.83.227"]
[Date "1999.04.14"]
[Round "?"]
[White "Hossa"]
[Black "Beadle"]
[Result "1-0"]
[WhiteElo "2457"]
[BlackElo "2428"]
[PlyCount "221"]

1. e4 Nc6 2. Nf3 e5 3. Bb5 a6 4. Bxc6 dxc6 5. d3 Bd6 6. d4 Bg4 7. Be3 f5 8.
exf5 e4 9. h3 Bxf5 10. Nfd2 Nf6 11. Nc3 O-O 12. Qe2 Re8 13. Qc4+ Kh8 14. O-O-O
a5 15. Rdf1 Ra6 16. Kb1 Be6 17. Qe2 Bd5 18. h4 Qd7 19. Qd1 Qf5 20. h5 a4 21. h6
g6 22. Nxd5 cxd5 23. f3 Qe6 24. fxe4 dxe4 25. Rh4 Ra5 26. Qe2 Rf5 27. Rfh1 g5
28. g4 Rd5 29. R4h3 Qxg4 30. Qf1 Rf8 31. Nc4 a3 32. Nxa3 Bxa3 33. bxa3 Qd7 34.
Rg3 g4 35. Qf2 Qd6 36. Rf1 Qxa3 37. Bc1 Qb4+ 38. Rb3 Qxd4 39. Qxd4 Rxd4 40. Bb2
Rd6 41. Ba3 Kg8 42. Bxd6 cxd6 43. Rxb7 e3 44. Rg7+ Kh8 45. Re7 Rb8+ 46. Kc1 Nd5
47. Rb7 Re8 48. Rff7 Nf6 49. Kd1 g3 50. Ke2 g2 51. Rb1 Nd5 52. Re1 Nb4 53. c3
Nxa2 54. Rc7 Rg8 55. Rg1 Re8 56. Rc6 d5 57. Rc7 d4 58. cxd4 Nb4 59. Rxg2 Nd5
60. Rf7 Nc3+ 61. Kf1 e2+ 62. Ke1 Ra8 63. Kf2 Re8 64. Rg1 Nb5 65. d5 Nc3 66. Re1
Kg8 67. Rg7+ Kh8 68. d6 Ne4+ 69. Kg1 Nxd6 70. Rd7 Nf5 71. Rxe2 Rg8+ 72. Kf2
Nxh6 73. Ree7 Ng4+ 74. Ke1 Nf6 75. Rc7 h5 76. Rf7 Re8+ 77. Kf1 Ne4 78. Rh7+ Kg8
79. Rcg7+ Kf8 80. Rd7 Kg8 81. Rhg7+ Kh8 82. Rgf7 Kg8 83. Kg2 Re5 84. Rg7+ Kf8
85. Rh7 Kg8 86. Rdg7+ Kf8 87. Ra7 Kg8 88. Rhg7+ Kh8 89. Rgd7 Rg5+ 90. Kh3 Nf6
91. Rf7 Ne4 92. Kh4 Rg2 93. Kxh5 Kg8 94. Rfe7 Nf6+ 95. Kh4 Kh8 96. Rf7 Rg4+ 97.
Kh3 Rg6 98. Ra6 Nh7 99. Rxg6 Ng5+ 100. Kg4 Nxf7 101. Kf5 Nd8 102. Rd6 Nf7 103.
Rd7 Kg8 104. Kf6 Nh6 105. Kg6 Kf8 106. Kxh6 Ke8 107. Rg7 Kd8 108. Kg6 Kc8 109.
Kf6 Kd8 110. Ke6 Ke8 111. Rg8# {Beadle checkmated} 1-0

[Event "ICS rated bullet match"]
[Site "207.99.83.227"]
[Date "1999.04.14"]
[Round "?"]
[White "Hossa"]
[Black "JSBach"]
[Result "1-0"]
[WhiteElo "2475"]
[BlackElo "2000"]
[PlyCount "125"]

1. e4 e5 2. Nf3 Nc6 3. Bb5 Qf6 4. O-O Bc5 5. d3 Nge7 6. Bg5 Qe6 7. Nc3 O-O 8.
Bc4 Qg6 9. Nb5 Bd6 10. Qd2 h6 11. Be3 Qf6 12. Nxd6 Qxd6 13. Rae1 Qf6 14. b4 a5
15. b5 Nd4 16. Bxd4 exd4 17. e5 Qb6 18. Re4 c5 19. bxc6 Nxc6 20. Bd5 Qb2 21.
Qc1 Qc3 22. Bxc6 dxc6 23. Nxd4 Bd7 24. e6 fxe6 25. Nxe6 Bxe6 26. Rxe6 Qc5 27.
Qb2 Rae8 28. Rxe8 Rxe8 29. d4 Qe7 30. a4 Qf7 31. Qc3 Qa2 32. Ra1 Qd5 33. Rb1
Re4 34. Rd1 Rg4 35. f3 Rg5 36. Re1 Qf5 37. Qb3+ Qd5 38. Re5 Qxb3 39. cxb3 b6
40. Rxg5 hxg5 41. Kf2 g6 42. Kg3 Kf7 43. Kg4 Kf6 44. g3 b5 45. h3 b4 46. f4
gxf4 47. gxf4 Ke6 48. Kg5 Kf7 49. f5 gxf5 50. Kxf5 Ke8 51. Ke6 Kf8 52. Kd6 Kf7
53. Kxc6 Ke6 54. d5+ Ke7 55. d6+ Ke8 56. d7+ Kd8 57. h4 Ke7 58. Kc7 Kf6 59.
d8=Q+ Kg6 60. Qg5+ Kf7 61. Kd6 Kf8 62. Ke6 Ke8 63. Qg8# {JSBach checkmated} 1-0

[Event "ICS Rated blitz match"]
[Site "207.99.83.227"]
[Date "1999.04.14"]
[Round "?"]
[White "Beadle"]
[Black "Hossa"]
[Result "1-0"]
[WhiteElo "2413"]
[BlackElo "2472"]
[Annotator "Crafty v16.6"]
[PlyCount "179"]

{annotating for player Hossa using a scoring margin of +0.10 pawns. search
time limit is 20.00} 1. d4 1... Nf6 2. Nf3 e6 3. Bg5 Be7 4. Nc3 d5 ({9:-0.27} 
4... d5 5. e3 Ne4 6. Bxe7 Qxe7 7. Bb5+ c6 8. Bd3 Qb4 9. Bxe4 dxe4 10. Ne5 Qxb2
11. Nxe4 $10) ({9:+0.00} 4... O-O 5. e3 c5 6. Be2 cxd4 7. Nxd4 Qa5 8. Bxf6 Bxf6
9. O-O 9... Qe5 $10) 5. Bxf6 Bxf6 6. e4 O-O 7. e5 Be7 8. Bd3 c5 9. dxc5 Nd7 10.
b4 a5 11. a3 f6 12. O-O fxe5 13. Bb5 e4 ({9:-0.09} 13... e4 14. Nd4 Nf6 15. c6
b6 16. Rb1 e5 17. Nde2 17... Bg4 $10) ({9:+0.04} 13... Qc7 14. Qe2 e4 15. Nd4
Nf6 16. Rfe1 Qf4 17. Rad1 17... Ng4 $10) 14. Nd4 Nf6 15. c6 b6 ({8:-0.02} 15...
b6 16. Rb1 e5 17. Nde2 Be6 18. Re1 axb4 19. axb4 19... Qc7 $10) ({8:+0.10} 
15... Qd6 16. Rb1 axb4 17. axb4 Ra3 18. Na4 e3 19. Nb6 exf2+ 20. Rxf2 bxc6 21.
Bxc6 $10) 16. Rb1 Qc7 17. Nde2 Ng4 ({8:+0.33} 17... Ng4 18. Ng3 Ne5 19. Nxd5
exd5 20. Qxd5+ Rf7 21. Nxe4 21... Bg4 $15) ({8:+0.46} 17... e3 18. fxe3 Ng4 19.
Rf4 Nxe3 20. Rxf8+ Bxf8 21. Qd3 axb4 22. axb4 22... Qe5 $15) 18. Ng3 axb4 ({
8:+0.33} 18... axb4 19. axb4 Ne5 20. Nxd5 exd5 21. Qxd5+ Kh8 22. Rfe1 Ba6 23.
Rxe4 Bxb5 24. Qxe5 Qxe5 25. Rxe5 $15) ({8:+0.51} 18... Ne5 19. Nxd5 exd5 20.
Qxd5+ Rf7 21. Nxe4 Ng4 22. Qh5 22... Qf4 $15) 19. axb4 Ne5 20. Nxd5 exd5 21.
Qxd5+ Kh8 22. Rfe1 Ng4 23. Qxe4 Bd6 24. Re2 Be5 25. f3 Bxg3 26. hxg3 Nf6 27.
Qe5 Qxe5 28. Rxe5 Re8 29. Rxe8+ Nxe8 30. Re1 Bf5 31. Bd3 Bxd3 32. cxd3 Nc7 33.
Re7 Rc8 34. g4 b5 35. d4 Na6 36. d5 Nxb4 37. Rd7 h6 38. c7 Kh7 39. d6 Nc6 40.
Rf7 b4 41. Rf5 b3 42. Rb5 Nd8 43. Rb8 b2 44. Rxc8 b1=Q+ 45. Kh2 Nf7 46. d7 Qb5
47. Re8 Qxd7 48. c8=Q Qd6+ 49. Kg1 Qd4+ 50. Kf1 Qd1+ 51. Kf2 Qd2+ 52. Kg3 Qd6+
53. f4 g5 54. Qf5+ Kg7 55. Re3 gxf4+ 56. Qxf4 Qd7 57. Rc3 Qe6 58. Qd4+ Kh7 59.
Re3 Qa6 60. Qd7 Kg7 61. Re7 Qf6 62. Kh3 Kf8 63. Qe8+ Kg7 64. Ra7 Qc3+ 65. Kh2
Qf6 66. Rd7 Qf4+ 67. Kh3 Qf6 68. Qe4 Qa1 69. Qe3 Qf6 70. Qf3 Qe6 71. Qf5 Qg6
72. Rc7 Qxf5 73. gxf5 Kf6 74. Kg4 Ne5+ 75. Kf4 Nd3+ 76. Ke3 Ne5 77. Ke4 Nf7 78.
Rc6+ Kg7 79. Rg6+ Kh7 80. Kd5 h5 81. Ke6 Nd8+ 82. Ke7 Nb7 83. Rb6 Na5 84. f6
Nc4 85. Re6 h4 86. f7 Ne5 87. Rxe5 Kg6 88. f8=Q h3 89. Qf7+ Kh6 90. Rh5# 1-0

[Event "ICS Rated blitz match"]
[Site "207.99.83.227"]
[Date "1999.04.14"]
[Round "?"]
[White "Hossa"]
[Black "Utah"]
[Result "1-0"]
[WhiteElo "2453"]
[BlackElo "2230"]
[PlyCount "31"]

1. e4 c6 2. Nc3 d5 3. exd5 cxd5 4. Nf3 Nf6 5. Bb5+ Nc6 6. O-O e6 7. Ne5 Qc7 8.
d4 Bd6 9. Re1 O-O 10. Bf4 a6 11. Bd3 Nb4 12. Be2 b5 13. a3 Nc6 14. Bxb5 axb5
15. Nxb5 Qd7 16. Nxd7 {Utah resigns} 1-0

[Event "ICS rated bullet match"]
[Site "207.99.83.227"]
[Date "1999.04.14"]
[Round "?"]
[White "Soran"]
[Black "Hossa"]
[Result "1-0"]
[WhiteElo "2352"]
[BlackElo "2477"]
[Annotator "Crafty v16.6"]
[PlyCount "117"]

{annotating for player Hossa using a scoring margin of +0.10 pawns. search
time limit is 20.00} 1. d4 1... Nf6 2. c4 g6 3. g3 Bg7 4. Bg2 O-O 5. Nc3 d6 ({
9:-0.17} 5... d6 6. Nf3 Nbd7 7. O-O Nb6 8. Qd3 Bf5 9. e4 9... Bg4 $10) ({
9:-0.04} 5... Nc6 6. Nf3 Na5 7. Qd3 d5 8. cxd5 Nxd5 9. O-O Bf5 10. Ne4 $10) 6.
Nf3 Bg4 7. Qb3 b6 8. h3 Bxf3 ({9:-0.26} 8... Bxf3 9. Bxf3 c6 10. Bg5 Qd7 11.
Qd1 Qf5 12. Qd2 e5 13. d5 $10) ({9:-0.09} 8... Bd7 9. Ne5 dxe5 10. Bxa8 exd4
11. Nd5 Nc6 12. Bb7 Nxd5 13. cxd5 $10) 9. Bxf3 c6 10. Bg5 h6 ({9:-0.51} 10...
h6 11. Be3 Qd7 12. Qd1 d5 13. cxd5 Nxd5 14. Nxd5 cxd5 15. Qd2 Nc6 16. Bxh6 Bxh6
17. Qxh6 17... Nxd4 $14) ({9:-0.23} 10... Qd7 11. Qd1 Rc8 12. Qd2 Na6 13. Bh6
d5 14. Bxg7 Kxg7 15. Qd3 dxc4 16. Qxc4 $10) 11. Bf4 Qc7 12. Nb5 Qc8 13. Qa3
Nbd7 14. Nc3 e5 15. Be3 exd4 16. Bxd4 Ne5 17. Bxe5 dxe5 18. Rd1 Qe6 ({9:-0.74} 
18... Qe6 19. Rd6 Qe7 20. Bxc6 Rac8 21. O-O Ne8 22. Bxe8 Rfxe8 23. Nd5 $16) ({
9:+0.30} 18... Re8 19. Ne4 Nxe4 20. Bxe4 Qe6 21. Qd6 Qxc4 22. Bxc6 Bf8 23. Qf6
$10) 19. Rd6 Qe7 20. Rxc6 Qxa3 21. bxa3 Rac8 22. O-O Rcd8 23. Nd5 Ne8 24. c5
bxc5 25. Rxc5 Kh8 26. e4 Rd7 27. Rfc1 f5 28. exf5 Nd6 29. Ne3 Nxf5 30. Nxf5
gxf5 31. Rc7 Rd3 32. Bc6 Rxa3 33. Bd5 e4 34. Rd7 Bc3 35. Bb3 Rc8 36. g4 fxg4
37. hxg4 a5 38. Kg2 Rc5 39. Rh1 Bg7 40. Re1 Re5 41. Rc1 Kh7 42. Rc4 h5 43. Bc2
Kg8 44. Bxe4 Re8 45. Bd5+ Kh8 46. g5 Re5 47. Rc8+ Kh7 48. Bg8+ Kg6 49. Rc6+ Bf6
50. gxf6 Rg5+ 51. Kf1 Rf5 52. Bh7+ Kg5 53. Bxf5 Rf3 54. Bd3 a4 55. f7 Rxf7 56.
Rd5+ Kg4 57. Be2+ Rf3 58. Rc4+ Kh3 59. Rxh5# 1-0

[Event "ICS rated blitz match"]
[Site "207.99.83.227"]
[Date "1999.04.14"]
[Round "?"]
[White "Hossa"]
[Black "Wanted"]
[Result "1-0"]
[WhiteElo "2467"]
[BlackElo "2343"]
[PlyCount "79"]

1. e4 e6 2. Nf3 d5 3. e5 c5 4. Bb5+ Bd7 5. Bxd7+ Nxd7 6. O-O Ne7 7. c3 Nc6 8.
d4 Qb6 9. b3 Be7 10. dxc5 Nxc5 11. Bf4 Ne4 12. Nfd2 f5 13. exf6 Nxf6 14. Qe2
O-O 15. Qxe6+ Kh8 16. Nf3 Rae8 17. Qh3 Ne4 18. Be3 Bc5 19. Bxc5 Qxc5 20. b4 Qc4
21. Nfd2 Qe2 22. Nxe4 Rxe4 23. Na3 Ne5 24. Qg3 Nd3 25. Qd6 Ref4 26. b5 h6 27.
f3 Qe3+ 28. Kh1 Nf2+ 29. Rxf2 Qxf2 30. c4 dxc4 31. Nxc4 Re8 32. Ne5 Rf6 33. Qd5
Qe3 34. Nd3 Rff8 35. Rd1 Rd8 36. Qb3 Rd4 37. b6 axb6 38. Nb2 Qxb3 39. axb3
Rxd1+ 40. Nxd1 {Wanted resigns} 1-0

[Event "ICS rated blitz match"]
[Site "207.99.83.227"]
[Date "1999.04.14"]
[Round "?"]
[White "ColonialPast"]
[Black "Hossa"]
[Result "0-1"]
[WhiteElo "2184"]
[BlackElo "2474"]
[PlyCount "138"]

1. e4 e5 2. Nf3 Nc6 3. Bb5 a6 4. Ba4 Nf6 5. O-O b5 6. Bb3 Bc5 7. c3 O-O 8. d4
exd4 9. cxd4 Be7 10. e5 Ne8 11. Bd5 Bb7 12. Nc3 b4 13. Ne4 Na5 14. Bxb7 Nxb7
15. d5 Kh8 16. Be3 f6 17. e6 Ned6 18. Nc5 Nxc5 19. Bxc5 Nb7 20. Bxe7 Qxe7 21.
Re1 Rae8 22. Qa4 dxe6 23. Rxe6 Nc5 24. Rxe7 Nxa4 25. Rxc7 Nxb2 26. h3 Rd8 27.
Rc5 Nd3 28. Ra5 Rd6 29. Rd1 Nf4 30. g3 Nxh3+ 31. Kg2 Ng5 32. Nxg5 fxg5 33. Rd4
Rb8 34. Rc5 h6 35. Rc6 Rxc6 36. dxc6 Rc8 37. Rxb4 Rxc6 38. g4 Kh7 39. Ra4 g6
40. Kg3 h5 41. Kg2 h4 42. Ra5 Kh6 43. Ra4 Re6 44. Ra5 Rf6 45. Ra4 Rd6 46. Ra5
Re6 47. Ra4 Kg7 48. Ra5 Kf6 49. Ra4 Rd6 50. Ra5 Rc6 51. Ra4 Re6 52. Ra5 Rd6 53.
Ra4 Kg7 54. Ra5 Kh6 55. Ra4 Rf6 56. Ra5 Rf4 57. Rxa6 Rxg4+ 58. Kh2 Rf4 59. Kg2
g4 60. a4 Re4 61. a5 Re2 62. Kf1 Ra2 63. Kg1 Kg5 64. Ra8 Kf6 65. a6 g5 66. a7
Kg7 67. Kg2 g3 68. Kg1 gxf2+ 69. Kf1 69... g4 {ColonialPast resigns} 0-1

[Event "ICS Rated bullet match"]
[Site "207.99.83.227"]
[Date "1999.04.14"]
[Round "?"]
[White "kyklop"]
[Black "Hossa"]
[Result "0-1"]
[WhiteElo "2281"]
[BlackElo "2436"]
[PlyCount "76"]

1. c4 e5 2. Nc3 Nf6 3. g3 Nc6 4. Bg2 Bb4 5. Nf3 O-O 6. O-O d5 7. Nxd5 Nxd5 8.
cxd5 Qxd5 9. d3 Bd7 10. Be3 Qe6 11. a3 Bd6 12. b4 Qg4 13. Qc2 Rae8 14. Rac1 a5
15. b5 Nd4 16. Bxd4 exd4 17. a4 b6 18. Qb2 Bc5 19. Rc4 Be6 20. Rc2 Bd5 21. h3
Qd7 22. Rfc1 Bxf3 23. Bxf3 Qxh3 24. Qb3 Kh8 25. Qd5 Re6 26. Qd7 Bd6 27. Rc4
Bxg3 28. fxg3 Qxg3+ 29. Kf1 Qh3+ 30. Kf2 Rxe2+ 31. Bxe2 Qxd7 32. Rxc7 Qf5+ 33.
Bf3 Qxd3 34. Re1 Qd2+ 35. Re2 Qf4 36. Ree7 d3 37. Rcd7 Qxa4 38. Rxd3 38... Qh4+
{kyklop resigns} 0-1

[Event "ICS Rated blitz match"]
[Site "207.99.83.227"]
[Date "1999.04.14"]
[Round "?"]
[White "sombra"]
[Black "Hossa"]
[Result "0-1"]
[WhiteElo "2346"]
[BlackElo "2479"]
[PlyCount "64"]

1. e4 d6 2. d4 g6 3. Nc3 Bg7 4. Bc4 Nf6 5. Be3 Nxe4 6. Nxe4 d5 7. Bd3 dxe4 8.
Bxe4 f5 9. Bf3 e5 10. dxe5 Qxd1+ 11. Rxd1 Nd7 12. e6 Nf8 13. e7 Ne6 14. c3 Kxe7
15. Ne2 Re8 16. O-O Kf8 17. Nf4 c6 18. h3 Nxf4 19. Bxf4 Be6 20. Bd6+ Kg8 21. a3
Bb3 22. Rde1 Bc4 23. Rxe8+ Rxe8 24. Rd1 Bb3 25. Rd2 Bh6 26. Re2 Rxe2 27. Bxe2
Bc1 28. Bb8 a5 29. Bc7 a4 30. Ba5 Bxb2 31. Bb4 b6 32. c4 32... c5 {
sombra resigns} 0-1